| 000 | 01019nam a2200313 i 4500 | ||
|---|---|---|---|
| 001 | 15547914 | ||
| 003 | EG-ScBUE | ||
| 005 | 20241110110731.0 | ||
| 008 | 081208s2008 enka f b 001 0 eng d | ||
| 020 | _a9780521899048 (hbk.) | ||
| 020 | _a9780521727884 (pbk.) | ||
| 040 |
_aDLC _beng _erda _cDLC _dEG-ScBUE |
||
| 082 | 0 | 4 |
_a519.2 _222 _bAPP |
| 100 | 1 |
_aApplebaum, David, _d1956- _eauthor. _93493 |
|
| 245 | 1 | 0 |
_aProbability and information : _ban integrated approach / _cDavid Applebaum. |
| 250 | _aSecond edition. | ||
| 264 | 1 |
_aCambridge : _bCambridge University Press, _c2008. |
|
| 300 |
_axvi, 273 pages : _billustrations ; _c26 cm |
||
| 336 |
_2rdacontent _atext _btxt |
||
| 337 |
_aunmediated _2rdamedia _bn |
||
| 338 |
_avolume _bnc _2rdacarrier |
||
| 500 | _aIncludes Index. | ||
| 500 | _aIncludes appendix. | ||
| 650 | 7 |
_aProbabilities. _2BUEsh _93494 |
|
| 650 | 7 |
_aInformation theory. _2BUEsh _93495 |
|
| 655 | _vReading book | ||
| 942 |
_2ddc _cBB |
||
| 999 |
_c11255 _d11255 |
||